000 01076cam a22002653a 4500
001 8743
003 PGUSA
005 20140828083204.0
008 050801s2005||||xxu|||||s|||||000 | eng d
040 _aPGUSA
_beng
042 _adc
050 4 _aPT
100 1 _aMeinhold, Wilhelm,
_d1797-1851
245 1 0 _aMary Schweidler, the amber witch :
_bThe most interesting trial for witchcraft ever known, printed from an imperfect manuscript by her father, Abraham Schweidler, the pastor of Coserow in the island of Usedom / edited by W. Meinhold ; translated from the German by Lady Duff Gordon.
_h[electronic resource] /
_cWilhelm Meinhold
260 _bProject Gutenberg,
_c2005
500 _aOriginal publication date: 1846.
506 _aPublic domain in the USA.
516 _aElectronic text
653 _aWitchcraft -- Pomerania (Poland and Germany)
700 1 _aDuff Gordon, Lucie, Lady,
_d1821-1869
740 0 _aMaria Schweidler die Bernsteinhexe. English
830 0 _aProject Gutenberg
_v8743
856 4 0 _uhttp://www.gutenberg.org/ebooks/8743
942 _cEB
999 _c238043
_d238043